00529nam a2200157Ia 4500008004100000020002200041100002300063245004800086250001300134260003300147300002900180650001200209650001200221999001900233952011900252201002s9999 xx 000 0 und d a978-981-315-012-2 aMiller, Stephen A. cStephen A. Miller, John P. HarleyaZoology/ a10th ed. aNew York:bMcGraw Hillc2016 axviii, 619 pagesc25 cm. aAnimals aZoology c364565d364565 001040aLUXbLUXcHSd2020-10-02eLibrary Fundl0oQL 47.2 .M647 2016p20936r2020-10-02 00:00:00w2020-10-02yBK